Statistiken für Wie heißen diese finnischen Städte auf Schwedisch? (Multiple choice)

Klicken Sie hier um das Quiz zu spielen!

Allgemein

  • Dieses Quiz wurde 25 mal gespielt
  • Das Durchschnittsergebnis liegt bei 5 aus 12

Antwortstatistiken

FrageAntwort% Korrekt
VaasaVasa
75%
MaarianhaminaMariehamn
67%
TampereTammerfors
63%
EspooEsbo
50%
TurkuÅbo
46%
LahtiLahtis
46%
VantaaVanda
46%
HelsinkiHelsingfors
38%
PoriBjörneborg
33%
OuluUleåborg
33%
PorvooBorgå
25%
HämeenlinnaTavastehus
21%

Verteilung der Resultate

Perzentil nach korrekt beantworteten Fragen

Anzahl Personen mit jedem Resultat

Ihre Resultats-Entwicklung

Sie haben dieses Quiz noch nicht gespielt